Every Possible Kingdom In Crusader Kings 2 - Statistics

General Stats
  • This quiz has been taken 260 times
    258 since last reset
  • The average score is 63 of 116
Answer Stats
De Jure Duchies Kingdom % Correct
Northumberland, Lancaster, York, Norfolk, Bedford, Warwick, Gloucester, Kent, Somerset England
93%
Berry, Anjou, Normandy, Orleans, Valois, Flanders, Burgundy, Champagne France
93%
Skane, Sjaelland, Slesvig, Holstein Denmark
89%
Ostrobothnia, Karelia, Finland, Savonia Finland
88%
Ulster, Connacht, Meath, Leinster, Munster Ireland
88%
Galloway, Strathclyde, The Isles, Lothian, Albany, Moray, Fortriu, Mann Scotland
88%
Uppland, Norrland, Ostergotland, Vastergotland, Norrland, Bergslagen, Smaland, Tioharad Sweden
88%
Castille, Toledo, Cordoba, Sevilla, Murcia Castille
87%
Mazovia, Greater Poland, Silesia, Lesser Poland, Kuyavia Poland
87%
Aragon, Barcelona, Mallorca, Valencia Aragon
86%
Portucale, Beja, Algarve Portugal
86%
Alexandria, Damietta, Cairo, Aswan, Sinai Egypt
85%
Iceland, Orkney, Agder, Vestlandet, Ostlandet, Oppland, Trondelag, Jamtland Norway
85%
Bohemia, Moravia Bohemia
84%
Estonia, Sakala Estonia
84%
Verona, Susa, Lombardy, Genoa, Modena, Tuscany, Pisa Italy
84%
Bosnia, Croatia, Dalmatia, Slavonia, Syrmia Croatia
83%
Brittany, Penthieve, Upper Brittany Brittany
82%
Portucale, Galicia Galicia
82%
Thuringia, Köln, Franconia, Baden, Swabia, Brunswick, Saxony, Brandenburg, Meissen Germany
82%
Aegean Islands, Thessalonika, Athens, Achaia, Krete, Greece
82%
Leon, Castille, Asturias, Galicia, Badajoz Leon
82%
Navarra Navarra
82%
Gwynedd, Deheubarth, Cornwall, Powys Wales
81%
Benevento, Capua, Apulia, Salerno, Calabria, Sicily Sicily
80%
Armenia, Mesopotamia, Edessa, Coloneia, Azerbaijan Armenia
79%
Bavaria, Nordgau, Salzburg, Austria, Styria, Tyrol Bavaria
79%
Pecs, Esztergom, Nyitra, Ungvar, Pest, Translyvania, Temes Hungary
79%
Asturias Asturias
78%
Pruthenia, Latgalia, Lithuania, Livonia, Courland, Samogitia, Yatvingia Lithuania
78%
Oultrejordain, Ascalon, Jerusalem, Galilee Jerusalem
77%
Venice Venice
77%
Aquitaine, Toulouse, Gascogne, Poitou, Auvergne, Bourbon, Barcelona Aquitaine
76%
Arabia, Medina, Sanaa, Oman, Nefoud, Damman Arabia
76%
Vidin, Turnovo, Karvuna Bulgaria
76%
Novgorod, Pskov, Veps Novgorod
76%
Aleppo, Antioch, Tripoli, Damascus, Syria Syria
76%
Provence, Savoy, Dauphine, Upper Burgundy Burgundy
73%
Kartli, Derbent, Abkhazia Georgia
73%
Brunswick, Holstein, Saxony Saxony
73%
Ghana, Tagant, Timbuktu Ghana
70%
Baghdad, Samarra, Tigris, Basra Iraq
70%
Mafaza, Fars, Khozistan, Jibal, Kurdistan Persia
70%
Wallachia, Moldau Wallachia
70%
Rashka, Duklja Serbia
69%
Anatolia, Thracesia, Charsianon, Nikaea, Cilicia, Samos, Cibyrrhaeot, Bucellarian, Cyprus Anatolia
66%
Granada, Toledo, Algarve, Badajoz, Cordoba, Murcia, Seville Andalusia
66%
Mecklenburg, Pomerania, Pomeralia, Brandenburg, Meissen, Saxony Pomerania
66%
Mallorca, Murcia, Valencia Valencia
66%
Cherson, Crimea, Wild Fields Crimea
65%
Cephalonia, Dyrrachion, Epirus, Ohrid Epirus
65%
Tunis, Tripolitana, Cyrenaica, Kabylia, Syrte, Mzab, Jerid Africa
64%
Ancona, Ferrara, Latium, Spoleto Papal States
64%
Abydos, Optimatoi, Thrace Thrace
62%
Holland, Gelre Frisia
60%
Nobatia, Nubia, Makuria, Sennar, Hayya, Blemmyia Nubia
58%
Carinthia, Carniola, Friuli Carinthia
57%
Luxembourg, Upper Lorraine, Lower Lorraine, Alsace, Brabant, Burgundy, Champagne Lotharingia
57%
Axum, Semien, Afar, Gondar, Wag, Gojjam, Damot, Shewa, Berbera Abyssinia
56%
Bambuk, Manding, Yatenga Mali
56%
Sardinia, Corsica Sardinia and Corsica
54%
Gurma, Songhay Songhay
54%
Trebizond, Armeniacon, Paphlagonia Trebizond
53%
Alania, Caspian Steppe, Azov, Derbent Alania
52%
Beshbaliq, Altay, Otuken, Khangai, Uvs, Kara-Khorum, Baygal, Gobi Altay, Barkul, Juyan, Ikh Bogd Mongolia
52%
Kathmandu, Gorkha Nepal
52%
Bashkiria, Komi, Perm, Ural, Veliky Ustug, Votyaki, Zyriane Perm
50%
Algarve, Badajoz, Beja Badajoz
49%
Kashmir, Pamir, Uttaranchal Kashmir
49%
Sápmi, Kola, Finnmark Lapland
49%
Khorasan, Herat, Merv, Balkh Khorasan
48%
Hadramut, Sanaa, Taizz Yemen
48%
Moskva, Rostov, Tver, Vladimir, Vologda Vladimir
47%
Kiev, Minsk, Pereyaslavl, Polotsk, Smolensk, Turov Kievan Rus
46%
Bornu, Fezzan, Kanem, Wadai Kanem
45%
Adrar, Alger, Fes, Marrakech, Sijilmasa, Sous, Tahert, Tangier, Tlemcen Maghreb
45%
Lanka, Sinhala Lanka
44%
Baluchistan, Sistan Sistan
44%
Vanga, Varendra, Gauda, Nadia, Suhma Bengal
43%
Bryansk, Chernigov, Karachev, Murom, Novosil, Ryazan Chernigov
40%
Moravia Great Moravia
39%
Ancona, Ferrara, Latium, Spoleto Romagna
38%
Om, Sibir, Tobol, Vasyugan, Yugra Sibir
38%
Kashgar, Khotan, Karashar, Kumul Khotan
37%
Air, Hausaland, Kebbi Hausaland
35%
Galich, Red Ruthenia, Volhynia Galicia-Volhynia
34%
Multan, Lahore, Gandhara Punjab
34%
Gurjara Mandala, Anartta, Saurashtra, Lata Gujarat
32%
Yaik, Turgay, Ob, Tarbagatai, Irtysh, Ishim Kimak, Kirghiz, Khazakh, Ubakan Cumania
30%
Aqtobe, Sakmara, Itil, Bandja, Aryrau, Sarkel Khazaria
30%
Kuru, Haritanaka, Mathura, Vodamayutja Delhi
26%
Bolgar, Cheremisa, Mari, Mordva, Qazan Volga Bulgaria
26%
Kabul, Zabulistan Kabulistan
23%
Kermanshah, Mosul, Jazira, Mudar Al-Jazira
22%
Sauvira, Bhakkar Sindh
22%
Ferghana, Khiva, Khuttal, Samarkand Transoxiana
21%
Gilan, Mazandaran, Tabriz, Azerbaijan, Dihistan Daylam
19%
Purang, Ngari, Ladakh Guge
19%
Kamarupanagara, Para Lauhitya, Sutiya Kamarupa
18%
Daksina Kosala, Tosali, Kalinga, Dandakaranya Orissa
18%
Jiuquan, Qinghai, Nagormo, Nangqen Xia
18%
Lhasa, Yarlung, Shigatse, Nagchu, Sumparu, Bhutan Yarlung
18%
Dege, Qamdo, Nyingchi Kham
15%
Bjarmia, Kargopol, Mezen, Pechora, Velks, Zavarot Nenetsia
15%
Aral, Emba, Syr Darya, Usturt Oghuz
15%
Vengi, Udayagiri Andhra
14%
Tirabhukti, Kasi, Jharkand, Magadha Bihar
14%
Dadhipadra, Akara Dasarna, Anupa, Avanti Malwa
12%
Dahala, Ratanpur Gondwana
11%
Kalyani, Gangavadi, Nulambavadi, Raichur Doab Karnata
11%
Chui, Ili, Zhetysu Zhetsyu
10%
Vidharba, Konkana, Nasikya, Devagiri, Rattapadi Maharastra
9%
Chola Nadu, Pandya Nadu, Chera Nadu, Tondai Nadu Tamilakam
9%
Maru, Jangladesh, Stravani, Medapata, Ajmer Rajputana
8%
Warangal, Racakonda Telingana
8%
Kanyakubja, Saryupara, Jejakabhukti Kosala
7%
No matching quizzes found
Score Distribution
Percent of People with Each Score
Percentile by Number Answered
Your Score History
You have not taken this quiz since the last reset